| 000 | 00526nmm a2200169Ia 4500 | ||
|---|---|---|---|
| 008 | 251105s9999||||xx |||||||||||||||||und|| | ||
| 020 | _a8479087765 | ||
| 041 | _aspa | ||
| 100 | _aTortosa Blasco, J. M. | ||
| 245 | 0 | _aLa guerra de Irak: un enfoque orwelliano | |
| 264 |
_a[Madrid, España] : _bPublicaciones de la Universidad de Alicante, _c2004 |
||
| 300 | _a268 páginas | ||
| 490 | _aCiencias Sociales | ||
| 650 | _aPolitical Science (General) | ||
| 856 | _uhttps://public.digitaliapublishing.com/a/672 | ||
| 942 | _cCF | ||
| 999 |
_c73616 _d73616 |
||